000 00849nam2a22002651 4500
001 RU\NLR\Per\969516
005 20250617202955.0
010 _a978-5-9715-0625-6
035 _a(NLR Aleph) 003208333
090 _a3513456
_c3513456
100 _a20130904d2013 |||y0rusy50 ca
101 0 _arus
102 _aRU
105 _ay |||||||||
200 1 _aЗдравствуй, пальчик
210 _d2013
_aБ. м.
461 0 _1001RU\NLR\INFOCOMM17\1000374778
_12001#$aВоробышек$eДля тех, кому 3, 4, 5...$v2013, 1
_93061506
_cМ.
_d2001-
_nКарапуз
_oДля тех, кому 3, 4, 5...
_tВоробышек
_v2013, 1
801 1 _aRU
_bInfoComm
_c20040123
801 0 _aRU
_bNLR
_gPSBO
801 2 _aRU
_bNLR
_c20081112
_2rusmarc
852 _aNLR
_jП29/991
942 _cISSUE
980 _aNB
980 _aRUSPER